000
00327nam a2200133Ia 4500
008
150301s2012 xx 000 0 und d
082
_a
612.3
_b
N12C
100
_a
CHAUHAN, DEEPTI
245
_a
NUTRITIONFOR B.SC NURSING STUDENT
260
_b
LOTOUS PUB.
_c
2012
300
_a
324
650
_a
FOOD & NUTRITION
942
_2
ddc
_c
BK
999
_c
6772
_d
6772